000 00722nam a2200253Ia 4500
003 OSt
005 20220918164854.0
006 a|||||r|||| 00| 0
007 ta
008 220917b |||||||| |||| 00| 0 eng d
020 _a080397695X (hbk)
024 _a160,726
037 _cTextual
040 _aARTS
_cARTS
_beng
041 _2eng
_aeng
082 _aY33:7:7g, P1 (FAL/RR)
100 _aPaddison Ronan Ed.
_921388
245 0 _aHandbook of urban studies edited by Ronan Paddison
260 _aLondon
_bSage Publications
_c2001
300 _axvii, 494p.
_ccm.
650 _aSOCIOLOGY
942 _hY33:7:7g, P1 (FAL/RR)
_cTEXL
_2CC
999 _c127127
_d127127